Sports Quiz

Random Sports Quiz

All Time Leading Scorers For Each Team Quiz Stats

 Plays Quiz not verified by Sporcle

Challenge
Share
Tweet
Embed
Score 0/30 Timer 06:00
0 Plays Today
Hint Answer % Correct
Cavaliers (18,914)Lebron James
94.4%
Bulls (29,277)Michael Jordan
88.9%
Mavericks (29.491)Dirk Nowitzki
77.8%
Spurs (26,496)Tim Duncan
77.8%
Lakers (33,643)Kobe Bryant
72.2%
Timberwolves (19,201)Kevin Garnett
72.2%
Jazz (36,374)Karl Malone
72.2%
Pacers (25,279)Reggie Miller
66.7%
Knicks (23,665)Patrick Ewing
66.7%
Thunder/Sonics (18,207)Gary Payton
66.7%
Magic (11,435)Dwight Howard
61.1%
Trail Blazers (18,040)Clyde Drexler
61.1%
Bucks (14,211)Kareem Abdul-Jabbar
55.6%
Heat (20,221)Dwayne Wade
55.6%
Hawks (23,292)Dominique Wilkins
50%
Hint Answer % Correct
Celtics (26,395)John Havlicek
50%
Nuggets (21,645)Alex English
50%
Grizzlies (8,966)Pau Gasol
50%
Kings (22,009)Oscar Robertson
44.4%
Wizards (15,551)Elvin Hayes
38.9%
Pistons (18,822)Isaiah Thomas
33.3%
Raptors (10,275)Chris Bosh
33.3%
Hornets (9,839)Dell Curry
22.2%
Pelicans (8,690)David West
22.2%
76ers (21,586)Hal Greer
22.2%
Nets (10,440)Buck Williams
16.7%
Clippers (12,735)Randy Smith
11.1%
Warriors(17,718)Wilt Chamberlin
5.6%
Rockets (26,511)Hakeem Olajuwan
5.6%
Suns (15,666)Walter Davis
5.6%

You're not logged in!

Compare scores with friends on all Sporcle quizzes.
Join for Free
OR
Log In

You Might Also Like...

Show Comments

Extras

Top Quizzes Today


Score Distribution

Your Account Isn't Verified!

In order to create a playlist on Sporcle, you need to verify the email address you used during registration. Go to your Sporcle Settings to finish the process.

Report this User

Report this user for behavior that violates our Community Guidelines.

Details: